书目信息 |
| 题名: |
山西省蜜源植物花粉形态与蜂蜜孢粉学研究
|
|
| 作者: | 宋晓彦 著 | |
| 分册: | ||
| 出版信息: | 北京 中国农业大学出版社 2013 |
|
| 页数: | 163页,18页图版 | |
| 开本: | 21cm | |
| 丛书名: | ||
| 单 册: | ||
| 中图分类: | S897 , Q944.571 | |
| 科图分类: | ||
| 主题词: | 蜜粉源植物--花粉--形态--研究 , 蜂蜜--孢粉学--研究 | |
| 电子资源: | ||
| ISBN: | 978-7-5655-0875-2 | |
| 000 | 01129nam0 22002651 450 | |
| 001 | 012015000028 | |
| 005 | 20150914164130.90 | |
| 010 | @a978-7-5655-0875-2@dCNY28.00 | |
| 100 | @a20140727d2013 em y0chiy0110 ea | |
| 101 | 0 | @achi |
| 102 | @aCN@b110000 | |
| 105 | @aabf z 000yy | |
| 106 | @ar | |
| 200 | 1 | @a山西省蜜源植物花粉形态与蜂蜜孢粉学研究@Ashan xi sheng mi yuan zhi wu hua fen xing tai yu feng mi bao fen xue yan jiu@dPollen morphology of nectar plants and melissopalynology in Shanxi Province@f宋晓彦著@zeng |
| 210 | @a北京@c中国农业大学出版社@d2013 | |
| 215 | @a163页,18页图版@c图,地图@d21cm | |
| 330 | @a本书介绍了山西省部分常见蜜源植物的花粉形态,并首次开展了山西省蜂蜜孢粉学的研究,内容包括山西省蜜源植物资源、山西省蜜源植物花粉形态、 蜂蜜孢粉学研究动态、山西省蜂蜜孢粉学研究等。 | |
| 510 | 1 | @aPollen morphology of nectar plants and melissopalynology in Shanxi Province@zeng |
| 606 | 0 | @a蜜粉源植物@x花粉@x形态@x研究 |
| 606 | 0 | @a蜂蜜@x孢粉学@x研究 |
| 690 | @aS897@v5 | |
| 690 | @aQ944.571@v5 | |
| 701 | 0 | @a宋晓彦@Asong xiao yan@4著 |
| 801 | 0 | @aCN@b碧洲教育@c20150716 |
| 905 | @a10447@f4@dS897@e124 | |
| 山西省蜜源植物花粉形态与蜂蜜孢粉学研究=Pollen morphology of nectar plants and melissopalynology in Shanxi Province/宋晓彦著.-北京:中国农业大学出版社,2013 |
| 163页,18页图版:图,地图;21cm |
| ISBN 978-7-5655-0875-2:CNY28.00 |
| 本书介绍了山西省部分常见蜜源植物的花粉形态,并首次开展了山西省蜂蜜孢粉学的研究,内容包括山西省蜜源植物资源、山西省蜜源植物花粉形态、 蜂蜜孢粉学研究动态、山西省蜂蜜孢粉学研究等。 |
| ● |
| 相关链接 |
|
|
|
|
正题名:山西省蜜源植物花粉形态与蜂蜜孢粉学研究
索取号:S897/124
 
预约/预借
| 序号 | 登录号 | 条形码 | 馆藏地/架位号 | 状态 | 备注 |
| 1 | 0870888 | 208708889 | 第二样本阅览室/ [索取号:S897/124] | 在馆 | |
| 2 | 0870889 | 208708898 | 第三借阅区/ [索取号:S897/124] | 在馆 | |
| 3 | 0870890 | 208708905 | 第三借阅区/ [索取号:S897/124] | 在馆 | |
| 4 | 0870891 | 208708914 | 密集书库-生命科学系/ [索取号:S897/124] | 在馆 |